000 00716nam a22002177a 4500
003 UA-OsUOA
001 102970
007 ta
008 20131007b un ||||| |||| 00| 0 ukr d
100 _aКравчук Н.Я.
090 _a330
_bК78
942 _cSA
040 _aUA-OsUOA
_bukr
_cUA-OsUOA
_dUA-OsUOA
245 _aІнституційна реструктуризація геофінансового простору в умовах глобальних міжсистемних трансформацій
300 _aС.112-124
955 _a0
041 _aukr
080 _a330
773 0 _w102961
_tФінанси України
_dК.
_d2013
_g5
650 7 _a330 Економіка взагалі
_2UDC
999 _c389208
_d389208